000 00671nam a2200241 a 4500
001 59485
003 BD-RjUL
005 20211209080734.0
008 161227s1963 xxk 001 0 eng d
035 _a(BD-RjUL)59609
040 _aUKM
_cUKM
_dBD-RjUL
_beng
041 _aeng
082 0 4 _a358.4
_223
_bSMR 1963
100 1 _aSmith, N. D.
_9176928
245 1 4 _aThe Royal Air Force /
_cN. D. Smith
260 _aOxford :
_bBlackwell,
_cc1963
300 _a108 p. :
_bill. ;
_c19 cm.
490 1 _aPocket histories
500 _aIncludes index.
650 _aGreat Britain
_vRoyal Air Force
_9176929
830 0 _aPocket histories (Blackwell)
_9176937
942 _2ddc
_cBK
999 _c59485
_d59485